| 000 | 00897nac a22002531u 4500 | ||
|---|---|---|---|
| 008 | 100915s2002 ii i |r|||| 001 0 eng d | ||
| 010 | _a2001094301 | ||
| 020 | _a078972670X | ||
| 020 | _a8176357278 | ||
| 020 | _a9788176357272 | ||
| 082 | 0 | 0 |
_a005.74 _bUSI _222 |
| 245 | 0 | 0 |
_aUsing Oracle lli / _cBy BOSS Corporation, Jim Crum ; with Satyakanth Abbaraju ... [et al.] ; special contributions by Project Partners, LLC with Randy Egger [et al...] |
| 246 | 3 | 0 | _aSpecial edition using Oracle lli |
| 250 | _aSpecial ed. | ||
| 260 |
_aNew Delhi : _bQue, _cc2002. |
||
| 300 |
_axxi, 1161 p. : _bill. ; _c24 cm. |
||
| 500 | _aIncludes index. | ||
| 650 | 0 |
_aOracle (Computer file) _919157 |
|
| 650 | 0 |
_aRelational databases. _918338 |
|
| 650 | 0 |
_aDatabase management _xComputer programs _919158 |
|
| 700 | 1 |
_aCrum, Jim. _919160 |
|
| 710 | 2 |
_aBOSS Corporation. _919161 |
|
| 942 |
_cBB _k005.74 USI _2ddc |
||
| 999 |
_c713 _d713 |
||